|
|
|
|
| LEADER |
00000nam0a2200000 4500 |
| 001 |
158418 |
| 005 |
20231031154417.0 |
| 010 |
|
|
|a 5754501714
|
| 020 |
|
|
|a RU
|b 89-72534
|
| 035 |
|
|
|a (RuTPU)RU\TPU\book\171809
|
| 090 |
|
|
|a 158418
|
| 100 |
|
|
|a 20090423d1989 d y0rusy5003 ca
|
| 101 |
0 |
|
|a rus
|
| 102 |
|
|
|a RU
|
| 105 |
|
|
|a a z 000ay
|
| 200 |
1 |
|
|a Академия Домашних Волшебников, или История о том, как однажды зимним вечером в комнату влетел Кораблик - калиновый листок и Калинка сняла шапочку невидимочку...
|e для среднего возраста
|f С. Ю. Сахарова
|g худож. Т. Ларионова
|
| 210 |
|
|
|a Петрозаводск
|c Карелия
|d 1989
|
| 215 |
|
|
|a 270 с.
|c ил.
|d 20 см
|
| 610 |
1 |
|
|a Домоводство
|
| 610 |
1 |
|
|a детская литература
|
| 675 |
|
|
|a 087 : 6
|z rus
|
| 700 |
|
1 |
|a Сахарова
|b С. Ю.
|g Саида Юсуфовна
|4 070
|
| 702 |
|
1 |
|a Ларионова
|b Т.
|4 440
|
| 801 |
|
0 |
|a RU
|b RuMRKP
|c 19950417
|g psbo
|
| 801 |
|
1 |
|a RU
|b 63413507
|c 20090423
|g PSBO
|
| 801 |
|
2 |
|a RU
|b 63413507
|c 20090423
|g PSBO
|
| 942 |
|
|
|c BK
|